000 00484nam a2200157 4500
001 140582
003 ES-MaACL
005 20230906200116.0
007 t|
008 070214s1910 fr r ||||1| fre d
100 1 _aSeillière, Ernest.
_9105268
245 1 0 _aBarbey d'Aurevilly
_b: ses idées et son oeuvre /
_cErnest Seillère.
260 _aParis :
_bBloud & Cie,
_c1910 (
_eSaint-Amand Cher :
_fImp. R. Bussiere)
300 _a288 p. ;
_c19 x 12 cm.
852 _aES-MaACL
_jD-5154
999 _c140582
_d140582